000 01914nam0a2200397 4500
001 RU\NLR\bibl\1039117
005 20260405122653.0
010 _a5-17-040454-9
_bАСТ
010 _a5-271-14872-6
_bАстрель
_95000
021 _aRU
_b2006-82218
_94164
035 _a(nilc)RSL-KNO-003005384
035 _a(NLR Aleph) 001026526
090 _a731735
_c731735
100 _a20061219d2007 |||y0rusy50 ca
101 0 _arus
102 _aRU
105 _aa z |||||
106 _ar
200 1 _aПутеводитель по оздоровительным методикам для женщин
_eанализ известных методик, упражнения, подбор оптимальной системы, традиционные и современные технологии стройности, здоровья, красоты и хорошего настроения
_fА. Александрова, В. Ивлева
210 _aМосква
_cАСТ
_cАстрель
_d2007
215 _a319 с. [16] л. ил.
_cтабл.
_d21
225 1 _aЛучшие оздоровительные методики
300 _aНа обл. авт. не указаны
606 1 _aОздоровительные системы
_92357462
_3RU\NLR\auth\661408030
610 0 _aЗдравоохранение. Медицинские науки -- Гинекология -- Гигиена женщины -- Популярные издания
610 0 _aоздоровление организма
686 _aР714я9
_2rubbk
686 _aР120.4
700 1 _4070
_7ca
_8rus
_aАлександрова
_bА.
_cкосметолог
_gАнна
_931409
_3RU\NLR\auth\7748474
701 1 _aИвлева
_bВ.
_gВалерия
_4070
801 0 _aRU
_bРКП
_c20061219
_grcr
801 1 _aRU
_bРГБ
_c20061219
801 2 _aRU
_bNLR
_c20070201
_grcr
942 _cBOOK
980 _aNB